Представление документа в формате MARC21

Поле Инд. ПП Название Значение
Тип записи a
Библиографический уровень m
001 Контрольный номер 9735fb26815947729cd8cd518aeac12a
005 Дата корректировки 20260408131040.6
020 a ISBN 978-5-507-50519-7
040 b Код языка каталог. rus
e Правила каталог. PSBO
041 0_ a Код языка текста rus
080 a Индекс УДК 577.2(075.8)
097 b Оператор *Ж*
097 b Оператор *Ир*
100 1_ a Автор Баженова И.А.
245 10 a Заглавие Основы молекулярной биологии. Теория и практика
b Продолж. заглавия учебное пособие для вузов
b Продолж. заглавия в составе учебно-методического комплекса
250 a Основные сведения об издании 4-е изд., стер.
260 a Место издания Санкт-Петербург [и др.]
b Издательство Лань
c Дата издания 2025
300 a Объем 140 с.
b Иллюстрации/ тип воспроизводства ил.
440 _0 a Серия УМК-У
516 8_ a Прим. о типе комп. файла/ данных Текст : электронный
a Прим. о типе комп. файла/ данных Режим доступа: по подписке
a Прим. о типе комп. файла/ данных Дата обращения: 01.04.2025
520 0_ a Аннотация В пособии рассмотрены основные вопросы молекулярной биологии, этапы развития науки и ее взаимосвязь с другими дисциплинами естественнонаучного цикла. Особое внимание уделено строению и функциям белков и нуклеиновых кислот, а также механизмам передачи наследственной информации и мутагенеза. Кроме теоретического материала в пособии представлены методические указания к лабораторным работам, позволяющим закрепить знания по основным разделам дисциплины и овладеть навыками работы в лаборатории. Учебное пособие предназначено для студентов бакалавриата, обучающихся по направлению подготовки «Биотехнология», а также может быть рекомендовано для бакалавриата направления подготовки «Технология продукции и организация общественного питания» при изучении отдельных разделов биохимии, микробиологии, генетики, пищевой биотехнологии. Пособие может быть полезно и магистрантам при выполнении научно-исследовательских работ.
535 1_ a Хранилище ЭБС Лань
583 a Действие Приписка : УМК
653 0_ a Ключевые слова Белки
a Ключевые слова Генетика
a Ключевые слова Молекулярная биология
a Ключевые слова Наследственность
a Ключевые слова Нуклеиновые кислоты
653 0_ a Ключевые слова Лабораторный практикум
655 07 a Жанр/ форма (устаревшее) У
700 1_ a Другие авторы Кузнецова Т.А.
773 18 w Контрольный № источника 0acd1402707941ea8d2ecf293a54931a
856 40 u URL https://e.lanbook.com/book/443300
901 t Тип документа m
905 b Дата создания записи обработка 17.04.25
c Дата приписки 08.04.26
952 b Гриф литературы для ВШ Гриф
a Тип литературы для КСУ ВШ У2
952 e Факультет *ХТФ*
990 j Количество экземпляров (DOS) 5
a Автор заказа (DOS) БТиХ
b Заказано (DOS) 5
c Приоритет заказа (DOS) д
f Даты поступлений (DOS) 16.04.25
g Размещение заказа (DOS) ЭБС Лань